Southville International School and Colleges
Your cart is empty.
  • Cart
  • Lists
    Public lists Eva Luna New books Lux_list list_1
    Your lists Log in to create your own lists
  • Log in to your account
  • Your cookies
  • Search history
Southville International School and Colleges
  • Advanced search
  • Recent comments
  • Most popular
  • Libraries

Log in to your account

Log in with GOOGLE


If you do not have an external account, but do have a local account, you can still log in:

  1. Home
  2. MARC view: Over, under and through and other spatial concepts /
Normal view MARC view ISBD view

Over, under and through and other spatial concepts / (Record no. 103410)

[ view plain ]
MARC details
000 -LEADER
fixed length control field 00574nam a2200193 a 4500
005 - DATE AND TIME OF LATEST TRANSACTION
control field 20140412111301.0
008 - FIXED-LENGTH DATA ELEMENTS--GENERAL INFORMATION
fixed length control field 001117s19uu xx 00 eng d
020 ## - INTERNATIONAL STANDARD BOOK NUMBER
International Standard Book Number 0-689-71111-5
050 ## - LIBRARY OF CONGRESS CALL NUMBER
Classification number M 153.7
Item number H65 1973
100 ## - MAIN ENTRY--PERSONAL NAME
Personal name Hoban, Tana
245 ## - TITLE STATEMENT
Title Over, under and through and other spatial concepts /
Statement of responsibility, etc Tana Hoban.
260 ## - PUBLICATION, DISTRIBUTION, ETC. (IMPRINT)
Place of publication, distribution, etc New York :
Name of publisher, distributor, etc Macmillan Pub,
Date of publication, distribution, etc 1973.
300 ## - PHYSICAL DESCRIPTION
Extent 1 v. (unp.)
440 ## - SERIES STATEMENT/ADDED ENTRY--TITLE
Title Alladin Books
650 ## - SUBJECT ADDED ENTRY--TOPICAL TERM
Topical term or geographic name as entry element Space perception -- pictorial works
650 ## - SUBJECT ADDED ENTRY--TOPICAL TERM
Topical term or geographic name as entry element Space perception -- pictorial works
650 ## - SUBJECT ADDED ENTRY--TOPICAL TERM
Topical term or geographic name as entry element Vocabulary
Holdings
Withdrawn status Lost status Damaged status Home library Current library Shelving location Date acquired Source of acquisition Total Checkouts Full call number Barcode Date last seen Price effective from Koha item type
      Elizalde Library Elizalde Library Main Section 11/17/2000     M 153.7 H65 1973 E4758 04/12/2014 04/12/2014 Books

Over, under and through and other spatial concepts /

APA

Hoban T., . (1973). Over, under and through and other spatial concepts. New York: Macmillan Pub.

Chicago

Hoban Tana, . 1973. Over, under and through and other spatial concepts. New York: Macmillan Pub.

Harvard

Hoban T., . (1973). Over, under and through and other spatial concepts. New York: Macmillan Pub.

MLA

Hoban Tana, . Over, under and through and other spatial concepts. New York: Macmillan Pub. 1973.

  • Place hold
  • Print
  • Cite
  • Add to your cart (remove)
  • Save record
    BIBTEX Dublin Core MARCXML MARC (non-Unicode/MARC-8) MARC (Unicode/UTF-8) MARC (Unicode/UTF-8, Standard) MODS (XML) RIS
  • More searches
    Search for this title in:
    Other Libraries (WorldCat) Other Databases (Google Scholar) Online Stores (Bookfinder.com) Open Library (openlibrary.org)

Exporting to Dublin Core...

SOUTHVILLE LIBRARY

Southville International School and Colleges Library

1281 Tropical Ave. Cor. Luxembourg St., BF Homes International, Las Pinas City

Tel. No. 8256374 / 252358 Loc. 117/146

Powered by Koha